Κοινωνική αποδοχή αιολικών πάρκων : οι αντιλήψεις των κοινωνικών ομάδων για το τοπίο και τον τουρισμό: το παράδειγμα της νήσου Λέσβου : [μεταπτυχιακή διατριβή]
Αποθηκεύτηκε σε:
| Κύριος συγγραφέας: | |
|---|---|
| Συγγραφή απο Οργανισμό/Αρχή: | |
| Άλλοι συγγραφείς: | |
| Μορφή: | Thesis Βιβλίο |
| Γλώσσα: | Greek |
| Δημοσίευση: |
2013
|
| Θέματα: | |
| Διαθέσιμο Online: | http://hdl.handle.net/11610/15296 |
| Ετικέτες: |
Προσθήκη ετικέτας
Δεν υπάρχουν, Καταχωρήστε ετικέτα πρώτοι!
|
MARC
| LEADER | 00000cam a2200000 i 4500 | ||
|---|---|---|---|
| 001 | 1/55548 | ||
| 008 | 140911s2013 gre d | ||
| 035 | |l 10119026 | ||
| 040 | |a GR-MY-UA |b gre |e aacr | ||
| 041 | 0 | |a gre | |
| 082 | 0 | |a 333.79 |2 (22) | |
| 100 | 1 | |a Κρασάκης, Ιωάννης. | |
| 245 | 1 | 0 | |a Κοινωνική αποδοχή αιολικών πάρκων : |b οι αντιλήψεις των κοινωνικών ομάδων για το τοπίο και τον τουρισμό: το παράδειγμα της νήσου Λέσβου : [μεταπτυχιακή διατριβή] / |c Κρασάκης Ιωάννης ; υπεύθυνη καθηγήτρια: Κωνσταντίνα Σκαναβή |
| 260 | |c 2013 | ||
| 300 | |a 115 σ.; |b πίν.; |c 30 εκ. | ||
| 500 | |a Βιβλιογραφία: σ. 83-87, παράρτημα | ||
| 502 | |a Διατριβή (μεταπτυχιακή) – Πανεπιστήμιο Αιγαίου, Λέσβος, 2013. | ||
| 650 | 0 | 0 | |a Wind power |z Greece |z Lesbos Island. |
| 650 | 0 | 0 | |a Wind power plants |x Public opinion. |
| 650 | 0 | 0 | |a Wind power plants |x Location. |
| 650 | 0 | 0 | |a Environmental protection |x Citizen participation. |
| 650 | 0 | 0 | |a Environmental protection |x Public opinion. |
| 650 | 0 | 0 | |a Dissertations, Academic |z Greece. |
| 700 | 1 | |a Τσαμπούκου-Σκαναβή, Κωνσταντίνα. |4 ths | |
| 710 | 2 | |a Πανεπιστήμιο Αιγαίου |b Σχολή Περιβάλλοντος |b Τμήμα Περιβάλλοντος |b Πρόγραμμα Μεταπτυχιακών Σπουδών Γεωργία και Περιβάλλον. | |
| 852 | |a INST |b LESVOS |c DIATR |e 20140911 |h 465 |p 005100055154 |q 005100055154 |t MTXE |y 23 | ||
| 852 | |a INST |b LESVOS |c DIATR |e 20140911 |h 466 |p 005100055155 |q 005100055155 |t MTXE |y 23 | ||
| 856 | |u http://hdl.handle.net/11610/15296 | ||
| 901 | |a BIBL1-2014-3 | ||
| 909 | |a Λ |b 190699 | ||
| 909 | |a Λ |b 190700 | ||
| 924 | |a ΚΡΑΣΑΚΗΣ |b ΙΩΑΝΝΗΣ |y ΛΕΣΒΟΣ |z 2013-10 | ||
| 970 | |a ΤΖΑΦΕΡΗ |b ΕΥΑΓΓΕΛΙΑ |z 2014/09/11 | ||